Christmas Movies Picture Click Quiz Stats

 Plays Quiz not verified by Sporcle

Challenge
Share
Tweet
Score 0/20 Timer 04:00
0 Plays Today
% Correct
Home Alone
96%
Elf
95.7%
The Nightmare Before Christmas
95.5%
The Polar Express
94.3%
Gremlins
93.6%
Die Hard
92.1%
The Muppet Christmas Carol
91.8%
Bad Santa
90.8%
The Santa Clause
89.6%
National Lampoon's
Christmas Vacation
88.2%
% Correct
It's a Wonderful Life
86.5%
The Nativity Story
86.4%
Scrooged
85.7%
Love, Actually
85.5%
A Christmas Story
83%
Miracle on 34th Street
79.1%
The Shop Around the Corner
72.7%
Babes in Toyland
66%
Christmas in Connecticut
62.5%
The Bishop's Wife
55.2%

You're not logged in!

Compare scores with friends on all Sporcle quizzes.
Join for Free
OR
Log In

You Might Also Like...

Show Comments

Extras

Top Quizzes Today


Score Distribution

Your Account Isn't Verified!

In order to create a playlist on Sporcle, you need to verify the email address you used during registration. Go to your Sporcle Settings to finish the process.

Report this User

Report this user for behavior that violates our Community Guidelines.

Details: